Liečivé kúpele Maďarovce

Zobrazenie: Pohľad na kúpeľnú budou v popredí sú hostia sediaci pri stolíkoch s občerstvením

Bibliographic Details
Format: Postcard
Language:Slovak
Hungarian
PhysicalDescription:1 pohľadnica čiernobiela 9 x 14 cm
Published: [Slovensko?] Gabriel Strba [1932?]
Subjects:

MARC

LEADER 00000nkm a2200000 a 4500
001 vtls011915801
003 SK-MaSNL
005 20260512124847.0
007 kp bo
008 240703q1932 xo g kuslo
015 |a SNBG1932 
035 |a urn:nbn:sk:snk-km00efn3 
035 |a urn:nbn:sk:snk-km43ddj 
035 |a BF18BD01-7525-47CB-970A-CD874C701042 
040 |a SNK  |b slo  |c SNK  |e AACR2 
041 0 |a slo  |a hun 
043 |a e-xo--- 
044 |a xo  |c SK 
072 7 |a 913  |x Regionálna geografia  |2 konspekt 
080 |a 913(437.6)  |2 2011 
080 |a 725.1:615.838  |2 2011 
080 |a (084.121)  |2 2011 
245 0 0 |a Liečivé kúpele Maďarovce  |h grafika 
246 3 1 |a Gyogyfürdö Magyarárol 
260 |a [Slovensko?]  |b Gabriel Strba  |c [1932?] 
300 |a 1 pohľadnica  |b čiernobiela  |c 9 x 14 cm 
520 8 |a Zobrazenie: Pohľad na kúpeľnú budou v popredí sú hostia sediaci pri stolíkoch s občerstvením 
650 0 7 |a kúpeľné budovy  |2 SNKPH  |9 102104 
651 7 |a Malinovec (Santovka, Slovensko)  |2 SNKPHgeo  |9 239106 
655 7 |a miestne pohľadnice  |2 SNKPH  |9 70510 
852 |a Slovenská národná knižnica 
958 |a EUIPO 
958 |a GBN 
958 |a GC 
958 |a OND 
999 |c 950449  |d 952379 
952 |a SNK  |b SNK  |y PREZ  |7 0  |p 17A1379474  |o snkSP 89667  |z Pohľadnica prešla poštou.  |0 0  |1 0  |4 0  |d 2020-02-06  |f 1  |l 0  |r 2026-02-24 09:46:43  |w 2026-02-24